| 000 | 00578cam a22001451 4500 | ||
|---|---|---|---|
| 082 |
_a940.4 _bHIS _cD |
||
| 100 | 1 |
_aWauchope, Arthur Grenfell, _949635 |
|
| 245 | 0 | 2 |
_aA history of the Black Watch <Royal Highlanders> in the great war, 1914-1918, _cedited by Major-General A.G. Wauchope. |
| 260 |
_aLondon, _bThe Medici society limited, _c1925- |
||
| 300 |
_a v. _bfront., plates, ports., maps (part. fold.) _c26 cm. |
||
| 526 |
_a0 _b0 _c0 _d940_400000000000000_HIS |
||
| 650 | 0 |
_aMCE _9379 |
|
| 650 | 0 |
_aWorld War, 1914-1918 _xRegimental histories _zGreat Britain. |
|
| 942 |
_2ddc _cBK |
||
| 999 |
_c552419 _d552419 |
||